000 00597nam a2200193 4500
001 117478
003 ES-MaACL
005 20260129173919.0
007 t|
008 070214s1969 sp r ||||1| cat d
100 1 _aPedragosa, Salvador.
_989878
245 1 0 _aAssaig sobre la revolució que es va fent /
_cSalvador Pedragosa.
260 _aBarcelona :
_bRafael Dalmau,
_c1969.
300 _a177 p. ;
_c19 cm.
490 1 _aPanorama actual de las ideas ;
_v58-59
830 0 _aPanorama actual de les idees
_v58-59
_9180987
852 _aES-MaACL
_jC-50314
_bR.71128
999 _c117478
_d117478